Music Quiz

Random Music or Song Quiz

#2 Artists of the 2000s Quiz Stats

Quiz Updated Sep 20, 2012

Challenge
Share
Tweet
Embed
Score 0/61 Timer 10:00
6 Plays Today
Song Title Artist Name % Correct
FergaliciousFergie ft. will.i.am
85.9%
Run This TownJay-Z & Kanye West & Rihanna
82.3%
Since U Been GoneKelly Clarkson
81.4%
Bad RomanceLady Gaga
80.5%
Party in the USAMiley Cyrus
75.3%
Boulevard of Broken DreamsGreen Day
73.6%
You Belong With MeTaylor Swift
72.5%
Pon De ReplayRihanna
71.3%
Ignition (Remix)R. Kelly
68%
SurvivorDestiny's Child
66.4%
Don't ChaPussycat Dolls ft. Busta Rhymes
65.7%
ComplicatedAvril Lavigne
63.4%
HeartlessKanye West
61.2%
The Sweet EscapeGwen Stefani ft. Akon
55.9%
PhotographNickelback
54.4%
ApologizeTimbaland & OneRepublic
53.5%
Smack ThatAkon ft. Eminem
52.2%
Without MeEminem
51.7%
Dead and GoneT.I. ft. Justin Timberlake
51.5%
BeautifulChristina Aguilera
50.1%
I Know You Want Me (Calle Ocho)Pitbull
46.8%
This Aint a Scene, It's an Arms RaceFall Out Boy
46.4%
OhCiara ft. Ludacris
45.4%
1,2 StepCiara ft. Missy Elliott
45.4%
In the EndLinkin Park
44.7%
With YouChris Brown
42.3%
ForeverChris Brown
42.3%
The ReasonHoobastank
42%
Hanging By a MomentLifehouse
38.1%
CrazyGnarls Barkley
35.7%
BreatheFaith Hill
34.8%
Song Title Artist Name % Correct
Work ItMissy Elliott
33.5%
Right ThurrChingy
32.2%
One Call AwayChingy ft. J-Weav
32.2%
Let Me Blow Ya MindEve ft. Gwen Stefani
32.2%
Gangsta Lovin'Eve ft. Alicia Keys
32.2%
Get LowLil' Jon and the Eastside Boyz
30.5%
Best I Ever HadDrake
29.8%
LoverboyMariah Carey ft. Cameo
29.6%
Shake It OffMariah Carey
29.6%
Blame ItJamie Foxx ft. T-Pain
25.4%
Runaway LoveLudacris ft. Mary J. Blige
23.2%
Rock Wit U (Aww Baby)Ashanti
22.5%
Hit 'Em Up StyleBlu Cantrell
21.7%
I Need a Girl (Pt. 1)P. Diddy ft. Usher and Loon
20.2%
TipsyJ-Kwon
19.1%
You Sang to MeMarc Anthony
18.3%
Give Me Just One Night (Uno Noche)98˚
18.3%
Magic StickLil' Kim ft. 50 Cent
18.2%
He Wasn't Man Enough for MeToni Braxton
17.7%
Hate It or Love ItThe Game ft. 50 Cent
17.5%
MesmerizeJa Rule ft. Ashanti
17.5%
Case of the ExMya
17.3%
What's LuvFat Joe ft. Ashanti
16.7%
Because of YouNe-Yo
15.4%
He Loves U NotDream
12.8%
CrushDavid Archuleta
10.9%
Party Like a RockstarShop Boyz
9.8%
Flying Without WingsRuben Studdard
8.4%
I Don't Wanna KnowMario Winans ft. P. Diddy and Enya
7.2%
Inside Your HeavenBo Bice
5.1%

You're not logged in!

Compare scores with friends on all Sporcle quizzes.
Sign Up with Email
OR
Log In

You Might Also Like...

Show Comments

Extras

Top Quizzes Today


Score Distribution

Your Account Isn't Verified!

In order to create a playlist on Sporcle, you need to verify the email address you used during registration. Go to your Sporcle Settings to finish the process.